The ring of mohenjodaro / (Record no. 130951)

MARC details
000 -LEADER
fixed length control field 00576nam a22002177a 4500
005 - DATE AND TIME OF LATEST TRANSACTION
control field 20170124110120.0
010 ## - LIBRARY OF CONGRESS CONTROL NUMBER
LC control number A-935576
020 ## - INTERNATIONAL STANDARD BOOK NUMBER
Terms of availability 00.00
International Standard Book Number 8185462127
035 ## - SYSTEM CONTROL NUMBER
System control number A-935576
037 ## - SOURCE OF ACQUISITION
Source of stock number/acquisition Cen Lib/Ret
040 ## - CATALOGING SOURCE
Original cataloging agency DPL
Language of cataloging EN
082 ## - DEWEY DECIMAL CLASSIFICATION NUMBER
Classification number N
Item number JET
100 ## - MAIN ENTRY--PERSONAL NAME
Personal name Jetly, J.C.
9 (RLIN) 30482
245 ## - TITLE STATEMENT
Title The ring of mohenjodaro /
Statement of responsibility, etc by J.C. Jetley
260 ## - PUBLICATION, DISTRIBUTION, ETC. (IMPRINT)
Place of publication, distribution, etc New Delhi
Name of publisher, distributor, etc Batra book service
Date of publication, distribution, etc 1998
270 ## - ADDRESS
City New Delhi
Address 4819/24 Ansari road
Postal code 110002
300 ## - PHYSICAL DESCRIPTION
Extent 138p.
Dimensions 19cm(Hb)
650 ## - SUBJECT ADDED ENTRY--TOPICAL TERM
Topical term or geographic name as entry element Literature
9 (RLIN) 6262
650 ## - SUBJECT ADDED ENTRY--TOPICAL TERM
Topical term or geographic name as entry element Novel
9 (RLIN) 22513
942 ## - ADDED ENTRY ELEMENTS (KOHA)
Source of classification or shelving scheme Dewey Decimal Classification
Koha item type English Books
Classification part N
Call number suffix JET
Holdings
Withdrawn status Lost status Damaged status Not for loan Home library Current library Date acquired Source of acquisition Cost, normal purchase price Total Checkouts Full call number Barcode Date last seen Copy number Cost, replacement price Price effective from Koha item type Public note
Written off       Central Library Central Library 11/07/2015 Cen Lib/Ret 0.00   N JET A-935576 11/07/2015 1 0.00 11/07/2015 English Books W/d List No. 6851/20 : dtd 18/7/20

© Delhi Public Library
Hit Counter
free hit counter